Statistics for Biggest Cities By Letter - R

Click here to take the quiz!

General Stats

  • This quiz has been taken 161 times
  • The average score is 9 of 20

Answer Stats

PopulationCountryCity% Correct
11,616,000BrazilRio de Janeiro
99%
3,798,000ItalyRome
97%
2,119,000NetherlandsRotterdam
96%
5,133,000Saudi ArabiaRiyadh
93%
1,881,000MoroccoRabat
92%
750,000LatviaRiga
87%
3,793,000BrazilRecife
57%
959,000United StatesRaleigh
56%
980,000United StatesRichmond
45%
1,290,000ArgentinaRosario
45%
3,135,000PakistanRawalpindi
41%
1,089,000RussiaRostov
36%
723,000United StatesRochester
27%
1,455,000IndiaRajkot
13%
1,179,000IndiaRanchi
8%
1,176,000IndiaRaipur
7%
730,000MexicoReynosa
3%
600,000BrazilRibiero Preto
1%
965,000ChinaRuian
1%
580,000IranRezalyeh
0%

Score Distribution

Percentile by Number Answered

Percent of People with Each Score

Your Score History

You have not taken this quiz